| 000 | 00427nam a2200169Ia 4500 | ||
|---|---|---|---|
| 008 | 230917s9999||||xx |||||||||||||| ||und|| | ||
| 020 | _cRS195 | ||
| 040 |
_e24185 _aMAIN |
||
| 041 | _aEnglish | ||
| 082 | _a152 L579I | ||
| 100 | _aLevinthal, Charles F | ||
| 245 | 0 | _aIntroduction to physiological psychology | |
| 250 | _a3rd ed. | ||
| 260 |
_aNew Delhi _bPrentice-Hall of India _c1996 |
||
| 300 | _avi,522 p. | ||
| 942 | _cBK | ||
| 999 |
_c96512 _d96512 |
||